|
|
|
|
| LEADER |
00727 a2200169 4500 |
| 008 |
131005b xxu||||| |||| 00| 0 eng d |
| 020 |
|
|
|a 9789350133200
|
| 082 |
|
|
|a 301.076U
|
| 100 |
|
|
|a Koutilya, K.
|
| 245 |
|
|
|a Upkar's UGC NET/JRF/SET Sociology:
|b (Paper III ) Based on new pattern/
|
| 260 |
|
|
|c 2012.
|b Upkar prakashan,
|a Agra:
|
| 300 |
|
|
|a 607p.
|c 24cm.
|
| 650 |
|
|
|a UGC NET/JRF/ SET.
|
| 942 |
|
|
|2 ddc
|c REF
|
| 999 |
|
|
|c 100243
|d 100243
|
| 952 |
|
|
|0 0
|1 0
|2 ddc
|4 0
|6 301_000000000000000_076U_KOU_U
|7 0
|9 99928
|a UL
|b UL
|c REF
|d 2013-06-07
|e 2
|g 299.25
|o 301.076U KOU/U
|p 89018
|r 2013-08-23
|v 399.00
|y REF
|
| 952 |
|
|
|0 0
|1 0
|2 ddc
|4 0
|6 301_000000000000000_076U_KOU_U
|7 0
|9 111034
|a UL
|b UL
|c REF
|d 2015-06-27
|e 2
|g 335.80
|o 301.076U KOU/U
|p 93844
|r 2015-08-17
|v 0.00
|y REF
|